Environmental exposure and health / (Record no. 328655)

000 -LEADER
fixed length control field 01910cam a22004697a 4500
001 - CONTROL NUMBER
control field 14311138
003 - CONTROL NUMBER IDENTIFIER
control field Nust
005 - DATE AND TIME OF LATEST TRANSACTION
control field 20170412165427.0
008 - FIXED-LENGTH DATA ELEMENTS--GENERAL INFORMATION
fixed length control field 060322s2005 enkab b 101 0 eng d
010 ## - LIBRARY OF CONGRESS CONTROL NUMBER
LC control number 2006273832
015 ## - NATIONAL BIBLIOGRAPHY NUMBER
National bibliography number GBA549030 bnb
015 ## - NATIONAL BIBLIOGRAPHY NUMBER
National bibliography number GBA549030
Source bnb
016 7# - NATIONAL BIBLIOGRAPHIC AGENCY CONTROL NUMBER
Record control number 101258646
Source DNLM
016 7# - NATIONAL BIBLIOGRAPHIC AGENCY CONTROL NUMBER
Record control number 013215990
Source Uk
020 ## - INTERNATIONAL STANDARD BOOK NUMBER
International Standard Book Number 1845640292
035 ## - SYSTEM CONTROL NUMBER
System control number (OCoLC)ocm60611595
040 ## - CATALOGING SOURCE
Original cataloging agency NLM
Language of cataloging eng
Transcribing agency NLM
Modifying agency UKM
-- BAKER
-- BWKUK
-- DLC
042 ## - AUTHENTICATION CODE
Authentication code ukblsr
-- nlmcopyc
-- lccopycat
050 00 - LIBRARY OF CONGRESS CALL NUMBER
Classification number RA565.A2
Item number I573 2005
060 00 - NATIONAL LIBRARY OF MEDICINE CALL NUMBER
Classification number 2005 N-615
060 10 - NATIONAL LIBRARY OF MEDICINE CALL NUMBER
Classification number WA 30.5
Item number I604e 2005
082 04 - DEWEY DECIMAL CLASSIFICATION NUMBER
Classification number 363.7 ARA
Edition number 22
111 2# - MAIN ENTRY--MEETING NAME
Meeting name or jurisdiction name as entry element International Conference on Environmental Exposure and Health
Number of part/section/meeting (1st :
Date of meeting 2005 :
Location of meeting Atlanta, Ga.)
245 10 - TITLE STATEMENT
Title Environmental exposure and health /
Statement of responsibility, etc. editors, M.M. Aral ... [et al.].
260 ## - PUBLICATION, DISTRIBUTION, ETC.
Place of publication, distribution, etc. Southampton ;
-- Boston :
Name of publisher, distributor, etc. WIT Press,
Date of publication, distribution, etc. c2005.
300 ## - PHYSICAL DESCRIPTION
Extent 502 p. :
Other physical details ill., maps. ;
Dimensions 24 cm.
440 #0 - SERIES STATEMENT/ADDED ENTRY--TITLE
Title Sustainability
440 #0 - SERIES STATEMENT/ADDED ENTRY--TITLE
Title WIT transactions on ecology and the environment,
International Standard Serial Number 1746-448X ;
Volume/sequential designation v. 85
500 ## - GENERAL NOTE
General note Conference proceedings.
501 ## - WITH NOTE
With note H.B
504 ## - BIBLIOGRAPHY, ETC. NOTE
Bibliography, etc. note Includes bibliographical references and index.
650 #0 - SUBJECT ADDED ENTRY--TOPICAL TERM
Topical term or geographic name entry element Environmental health
Form subdivision Congresses.
650 #0 - SUBJECT ADDED ENTRY--TOPICAL TERM
Topical term or geographic name entry element Health risk assessment
Form subdivision Congresses.
650 12 - SUBJECT ADDED ENTRY--TOPICAL TERM
Topical term or geographic name entry element Environmental Exposure
General subdivision statistics & numerical data
Form subdivision Congresses.
650 12 - SUBJECT ADDED ENTRY--TOPICAL TERM
Topical term or geographic name entry element Environmental Health
General subdivision methods
Form subdivision Congresses.
650 22 - SUBJECT ADDED ENTRY--TOPICAL TERM
Topical term or geographic name entry element Biological Markers
Form subdivision Congresses.
650 22 - SUBJECT ADDED ENTRY--TOPICAL TERM
Topical term or geographic name entry element Health Status Indicators
Form subdivision Congresses.
650 22 - SUBJECT ADDED ENTRY--TOPICAL TERM
Topical term or geographic name entry element Risk Assessment
Form subdivision Congresses.
700 1# - ADDED ENTRY--PERSONAL NAME
Personal name Aral, M. M.
Fuller form of name (Mustafa M.)
856 41 - ELECTRONIC LOCATION AND ACCESS
Materials specified Table of contents only
Uniform Resource Identifier <a href="http://www.loc.gov/catdir/toc/fy0607/2006273832.html">http://www.loc.gov/catdir/toc/fy0607/2006273832.html</a>
906 ## - LOCAL DATA ELEMENT F, LDF (RLIN)
a 7
b cbc
c copycat
d 2
e ncip
f 20
g y-gencatlg
942 ## - ADDED ENTRY ELEMENTS (KOHA)
Source of classification or shelving scheme
Koha item type Book
Call number prefix 363.7 ARA
Holdings
Withdrawn status Lost status Source of classification or shelving scheme Damaged status Not for loan Collection code Permanent Location Current Location Shelving location Date acquired Total Checkouts Full call number Barcode Date last seen Price effective from Koha item type
            Central Library (CL) Central Library (CL) General Stacks 04/12/2017   363.7 ARA IESE-1444 04/12/2017 04/12/2017 Book
© 2023 Central Library, National University of Sciences and Technology. All Rights Reserved.